000 02828nam a2200469 c 4500
100 1 _aАрнаудов, Михаил Петров
_933558
999 _c123795
_d123795
003 BLK
005 20240319131850.0
008 180409b bul|||||r ||||||| ||bul||
010 _aKNG00129458000
040 _aBLK
041 _aBUL
_cBUL
080 _aОрганизация на възпитанието и образованието. Училищно дело.
_b37.09
_x(497.2)(091)(092)
_z37.09(497.2)(091)(092)
080 _aПериод на кризата на феодализма, зараждане на капиталистически отношения. Възраждане на българския народ (II пол. на ХVIII в. - 1878 г.)
_b94(497.2)"1750/1878"
_x(092)
_z94(497.2)"1750/1878"(092)
080 _aПросветен деец, дарител, писател от времето на Българското Възраждане.
_b929 Априлов, Васил Евстатиев
_z929 Априлов, Васил Евстатиев
139 _aАрнаудов, Михаил Петров
_bА 79
245 1 0 _aАприлов
_bЖивот, дейност, съвременници : 1789 - 1847
_cМихаил Петров Арнаудов.
257 _aBGR
260 _bМ-во на нар. просвещение
_c1935
_fСофия : Държ. печ.
300 _aVIII, 409 с.
_bс ил., факс., 1 л. : портр.
_c21 см
380 _a9
490 _9396381
_aЧастна колекция - Академик Михаил Арнаудов
_gДарение - Основен фонд
500 _a2 000 тир. - Поправки на заглавна страница ; Подчертавания в текста ; Бележки по полетата ; Добавки в края на книгата ; Ръкописни бележки: с. 44, 125, 127, 170 (инв. № 836832)
600 0 _aАприлов, Васил Евстатиев
_d1789 - 1847
_gПросветен и книжовен деец
_9367421
650 4 _aВъзраждане - България - дейци
_9243707
650 4 _aАприлов, Васил Евстатиев
_9367421
650 4 _aОбразование и просвета - България - история
_9244253
651 4 _aБългария
_9241624
653 _aВасил Априлов
653 _aбългарска история
653 _aвъзрожденци
653 _aобразование
653 _aПросвета
852 _aЦб 9.250.24474
852 _aМА 4803
856 4 _qpdf
856 4 _qpdf
942 _cKNG
_n0
_s1
944 _aCR
_c03.04.2012
_lМоника Янева
_k30570
944 _aED
_c24.01.2017
_l03.04.2012 - от С1,Р / 03.04.2012
_kГеновева_Генчева
999 _d123795